Droits subjectifs et situations juridiques
Spremljeno u:
| Glavni autor: | |
|---|---|
| Format: | Knjiga |
| Jezik: | francuski |
| Izdano: |
París
Dalloz
1963
|
| Serija: | Philosophie du Droit, 8
|
| Teme: | |
| Oznake: |
Dodaj oznaku
Bez oznaka, Budi prvi tko označuje ovaj zapis!
|
MARC
| LEADER | 00000nam a2200000 a 4500 | ||
|---|---|---|---|
| 001 | UCS9725 | ||
| 003 | CL-VaPUC | ||
| 008 | 971121e19630000FR |||||||||||||||||fre|d | ||
| 082 | 0 | 4 | |a 340.11 |b ROU |2 21 |
| 100 | 0 | |a Roubier, Paul |e author |9 395009 | |
| 245 | 1 | 0 | |a Droits subjectifs et situations juridiques |
| 300 | |a 451 p | ||
| 942 | |c BK | ||
| 945 | |d 19971121 00:00:00 |a cmena | ||
| 260 | |a París |b Dalloz |c 1963 | ||
| 650 | 0 | |a Filosofía del derecho |9 255050 | |
| 650 | 0 | |a Derecho subjetivo |9 256705 | |
| 650 | 0 | |a Normas jurídicas |9 258310 | |
| 650 | 0 | |a Voluntad |9 307812 | |
| 650 | 0 | |a Obligaciones |9 255578 | |
| 650 | 0 | |a Justicia |9 255408 | |
| 650 | 0 | |a Derecho privado |9 258243 | |
| 650 | 0 | |a Derecho civil |9 255013 | |
| 583 | |a last modification |c 19971121 00:00:00 |k Rodrigo Vera | ||
| 490 | 0 | |a Philosophie du Droit, 8 | |
| 999 | |c 263486 |d 263484 | ||
| 952 | |0 0 |1 0 |4 0 |6 340_110000000000000_ROU_1963 |7 0 |8 DER_TF |9 292810 |a BIBDER |b BIBDER |d 2019-11-19 |i 1906089 |o 340.11 ROU 1963 |p 1906089 |r 2023-01-25 |w 2019-11-19 |x Ubicación 4to Piso |y BK |z Estos recursos deben solicitarse con anticipación |k DER | ||